Quality management in an economic downturn.

V dobách recesie a znížených výsledkov podniku nie je šetrenie na akosti produkcie východiskom zo situácie. V stagnujúcej ekonomike je práve príležitosť pre manažérov akosti, aby zabezpečili firme natrvalo zvýšený podiel na trhu. Pôsobiaci mechanizmus podľa tézy, že zvyšovanie akosti prináša súčasne...

Ausführliche Beschreibung

Gespeichert in:
Bibliographische Detailangaben
1. Verfasser: Conway, W.E
Format: Buchkapitel
Sprache:Englisch
Schlagworte:
Tags: Tag hinzufügen
Keine Tags, Fügen Sie das erste Tag hinzu!

MARC

LEADER 00000naa a2200000 4500
001 r010120
005 20220913122621.6
041 0 |a eng 
044 |a US 
245 1 0 |a Quality management in an economic downturn.  |c W.E. Conway 
520 |a V dobách recesie a znížených výsledkov podniku nie je šetrenie na akosti produkcie východiskom zo situácie. V stagnujúcej ekonomike je práve príležitosť pre manažérov akosti, aby zabezpečili firme natrvalo zvýšený podiel na trhu. Pôsobiaci mechanizmus podľa tézy, že zvyšovanie akosti prináša súčasne znižovanie nákladov produkcie redukciou strát a plytvania. Postoje pracovníkov k akosti v "dobrých" a "zlých" časoch. Faktor času pri prejavení sa ekonomického výsledku v dôsledku zavedenia systému totálneho riadenia akosti. Úloha medziľudských vzťahov. 
610 2 0 |a riadenie kvality 
610 2 0 |a kvalita výrobkov 
610 2 0 |a kontrola kvality 
610 2 0 |a recesia 
610 2 0 |a riadenie podnikové 
100 1 |a Conway, W.E.